Normal view
MARC view
- KHARBANDA, O.P , PINTO, JEFFREY K
Entry Personal Name
001 - CONTROL NUMBER
- control field: 67710
003 - CONTROL NUMBER IDENTIFIER
- control field: NUST
005 - DATE AND TIME OF LATEST TRANSACTION
- control field: 20210628203902.0
008 - FIXED-LENGTH DATA ELEMENTS
- fixed length control field: 210628|| aca||aabn | a|a d
040 ## - CATALOGING SOURCE
- Original cataloging agency: NUST
- Transcribing agency: NUST
100 ## - HEADING--PERSONAL NAME
- Personal name: KHARBANDA, O.P , PINTO, JEFFREY K
670 ## - SOURCE DATA FOUND
- Source citation: Work cat.: (NUST): KHARBANDA, O.P , PINTO, JEFFREY K, SUCCESSFUL PROJECT MANAGEMENT , LEADING YOUR TEAM TO SUCCESS, 1995
